Normal view
MARC view
- Working class families
Entry Topical Term
001 - CONTROL NUMBER
- control field: 27946
003 - CONTROL NUMBER IDENTIFIER
- control field: NUST
005 - DATE AND TIME OF LATEST TRANSACTION
- control field: 20200123155252.0
008 - FIXED-LENGTH DATA ELEMENTS
- fixed length control field: 200123|| aca||aabn | a|a d
040 ## - CATALOGING SOURCE
- Original cataloging agency: NUST
- Transcribing agency: NUST
150 ## - HEADING--TOPICAL TERM
- Topical term or geographic name entry element: Working class families
670 ## - SOURCE DATA FOUND
- Source citation: Work cat.: (NUST): Lawrence, D. H. (David Herbert), 1885-1930. 27942, Sons and lovers /, 2002.
